| 000 | 00560cam a2200217 4500 | ||
|---|---|---|---|
| 008 | 090401t1987 xxu||||| |||| 00| 0 eng d | ||
| 020 | _a0117301876 | ||
| 035 | _a(Sirsi) u59641 | ||
| 041 | _aeng | ||
| 050 | _a346.410438 | ||
| 110 |
_aEngland and Wales _bLaw Commission _93302 |
||
| 245 | _aTransfer of land: title on death | ||
| 260 |
_aLondon _bHMSO _c1987 |
||
| 300 | _aviii, 106p. ; 21cm. | ||
| 350 | _a7.5 | ||
| 490 |
_aWorking Paper _v105 |
||
| 650 | _aADMINISTRATION OF ESTATES | ||
| 650 | _aCONVEYANCING | ||
| 942 | _n0 | ||
| 948 | _c04/03/1997 | ||
| 999 |
_c94171 _d94171 |
||